000 00437naa a2200145 4500
001 14913
005 20201125173147.0
007 tu
008 080820||||||||||||
100 1 _aKaminsky, Annette
245 0 0 _a"… Frankfurt, das glückliche Frankfurt …" Das zentrale Entlassungslager Gronenfelde
650 0 4 _aEntlassungslager Gronenfelde
650 0 4 _aFrankfurt (Oder)
773 0 _dMünchen : Beck, 1998
_gS. 70 - 95
_tHeimkehr 1948
_w10095
999 _c75384
_d75384